|
|
|
|
| LEADER |
00000cam a2200000 7i4500 |
| 001 |
0000069721 |
| 005 |
20160905093000.0 |
| 008 |
101205s2009 my may |
| 020 |
|
|
|a 9789679429084
|
| 050 |
0 |
0 |
|a QA10.7
|b .A23 2009
|
| 090 |
0 |
0 |
|a QA10.7
|b .A23 2009
|
| 245 |
1 |
0 |
|a Matematik dalam budaya Melayu
|c Abdul Razak Salleh
|
| 260 |
|
|
|a Selangor :
|b Universiti Kebangsaan Malaysia ,
|c c2009
|
| 300 |
|
|
|a 77 p. :
|b ill. ;
|c 23 cm.
|
| 490 |
1 |
|
|a Syarahan Perdana Universiti Kebangsaan Malaysia
|
| 500 |
|
|
|a Dipersembahkan sebagai Syarahan Perdana jawatan Profesor Universiti Kebangsaan Malaysia, pada 10 Julai 2009, di Bilik Senat, Universiti Kebangsaan Malaysia
|
| 504 |
|
|
|a Includes bibliographical references
|
| 650 |
|
0 |
|a Mathematics
|x History
|
| 650 |
|
0 |
|a Mathematics
|x Social aspects
|
| 710 |
2 |
|
|a Universiti Kebangsaan Malaysia
|
| 999 |
|
|
|a 1000135749
|b Book
|c OPEN SHELF (30 DAYS)
|e Gong Badak Campus
|